| 000 | 01169nam a22002537a 4500 | ||
|---|---|---|---|
| 003 | LC | ||
| 005 | 20160531150441.0 | ||
| 008 | 160524b xxu||||| |||| 00| 0 eng d | ||
| 020 | _a9780142424100 | ||
| 050 |
_aPZ 7 .F7316 _bRe 2012 |
||
| 082 | _a[Fic] | ||
| 100 | _aFoley, Lizzie K. | ||
| 245 |
_aRemarkable: _ba novel _cby Lizzie K. Foley |
||
| 260 |
_aNew York _bPuffin Books _cc2012 |
||
| 300 |
_a325 p. _c22 cm. |
||
| 520 | _aTen-year-old Jane Doe, the only student average enough to be excluded from the town of Remarkable's School for the Remarkably Gifted, is joined at her public school by the trouble-making Grimlet twins, who lead her on a series of adventures involving an out-of-control science fair project, a pirate captain on the run from a mutinous crew, a lonely dentist, and a newly constructed bell tower that endangers Remarkable's most beloved inhabitant--a skittish lake monster named Lucky. | ||
| 650 |
_aEccentrics and eccentricities _vFiction |
||
| 650 | _aAbility--Fiction | ||
| 650 | _aSecrets--Fiction | ||
| 650 | _aPirates--Fiction | ||
| 650 | _aCommunity life--Fiction | ||
| 650 | _aHumorous stories | ||
| 942 |
_2lcc _cBK |
||
| 999 |
_c294932 _d294932 |
||